000
00268nam a2200097Ia 4500
001
652737
005
20250826154444.0
008
250824s9999 xx 000 0 und d
245
0
_a
GÜNEY PASİFİK ADALARINA YOLCULUK
_c
GÜLTEN DAYIOĞLU
260
_b
ALTIN KİTAP YAYINLARI
999
_c
652737
_d
652737